000 01319cam a2200157 4500500
005 20260322002243.0
041 _afre
042 _adc
100 1 0 _aMilet, Audrey
_eauthor
245 0 0 _aChildbirth as disaster in Balzac’s L’Enfant maudit and Barbey d’Aurevilly’s Une histoire sans nom
260 _c2025.
500 _a51
520 _aIn a century when the development of science and medicine altered the practice and the conception of childbirth, Balzac’s L’Enfant maudit and Barbey d’Aurevilly’s Une histoire sans nom both put the emphasis on this theme in order to open it up to a broader set of considerations—initially psychological and ultimately supernatural. Similar in many ways (through elements of sexual violence, Gothic motifs, births resulting in death, and the importance of the unconscious), these novels’ birthing scenes offer an insight into the authors’ underlying theories of the body. They also invite the reader to embrace a metaphysical interpretation of the world, where the life of the soul and the workings of kinship resist all attempts at a rational explanation.
786 0 _nL’Année balzacienne | 26 | 1 | 2025-11-13 | p. 157-172 | 0084-6473
856 4 1 _uhttps://shs.cairn.info/journal-lannee-balzacienne-2025-1-page-157?lang=en&redirect-ssocas=7080
999 _c1721739
_d1721739